[Event "Castelldefels op 3rd"]
[Site "Castelldefels"]
[Date "2006.??.??"]
[Round "4"]
[White "Bratanov, Zsivko"]
[Black "Layola Barrionuevo, Oriol"]
[Result "1-0"]
[WhiteElo "2420"]
[BlackElo "2081"]
[PlyCount "41"]
[EventDate "2006.08.16"]
[EventType "swiss"]
[EventRounds "9"]
[EventCountry "ESP"]
[SourceTitle "CBM 113 Extra"]
[Source "ChessBase"]
[SourceDate "2006.09.14"]
[SourceVersion "1"]
[SourceVersionDate "2006.09.14"]
[SourceQuality "1"]

1. d4 f5 2. Nc3 Nf6 3. Bg5 c6 4. Qd2 Ne4 5. Nxe4 fxe4 6. f3 Qb6 7. 0-0-0 d5 8. fxe4 dxe4 9. Kb1 Bf5 10. Nh3 Nd7 11. g4 Bxg4 12. Nf2 Bf5 13. Bg2 Nf6 14. Qf4 Bg6 15. Nxe4 Bf7 16. Nc5 Nd5 17. Qf3 e6 18. Rhf1 Qc7 19. e4 Nb6 20. Bf4 Qc8 21. Bd6 1-0

[Event "Foment Martinenc op"]
[Site "Barcelona"]
[Date "1994.??.??"]
[Round "?"]
[White "Mellado Trivino, Juan"]
[Black "Layola Barrionuevo, Oriol"]
[Result "1-0"]
[WhiteElo "2400"]
[BlackElo "2155"]
[PlyCount "85"]
[EventDate "1994.??.??"]
[EventType "swiss"]
[EventRounds "9"]
[EventCountry "ESP"]
[SourceTitle "EXT 2003"]
[Source "ChessBase"]
[SourceDate "2002.11.25"]
[SourceVersion "1"]
[SourceVersionDate "2002.11.25"]
[SourceQuality "1"]

1. c4 f5 2. Nc3 Nf6 3. g3 g6 4. Bg2 Bg7 5. d4 d6 6. d5 0-0 7. Nh3 Nbd7 8. 0-0 a5 9. Nf4 Nc5 10. Qc2 Bd7 11. Rd1 Qe8 12. Be3 Nfe4 13. Nxe4 Nxe4 14. Bd4 Bxd4 15. Rxd4 Nc5 16. h4 Qf7 17. Re1 Rae8 18. Qd2 b6 19. e4 e5 20. dxe6 Nxe6 21. Nxe6 Bxe6 22. e5 dxe5 23. Rxe5 Qf6 24. f4 Rf7 25. Bc6 Ree7 26. Rd8+ Rf8 27. Qd4 Rxd8 28. Qxd8+ Qf8 29. Qd4 Qf6 30. b3 h5 31. c5 Kg7 32. cxb6 cxb6 33. Qd6 Kf7 34. Kh2 Bc8 35. Be8+ Rxe8 36. Qxf6+ Kxf6 37. Rxe8 Bd7 38. Rb8 b5 39. Rb6+ Kf7 40. Kg1 a4 41. bxa4 bxa4 42. Kf2 Be6 43. a3 1-0